00000000nam 2200000zi 4500
0019.945405
003CaOODSP
00520241121101226
006m     o  d f      
007cr bn|||||||||
008241121e198401##oncad   ot   f000 0 eng d
040 |aCaOODSP|beng|erda|cCaOODSP
0861 |aEn13-6/84-02E-PDF
1001 |aDesrosiers, R. J., |eauthor.
24510|aElectro-optical performance review of a flume profiler fiber optic-probe / |cauthor: R.J. Desrosiers.
264 1|a[Burlington, Ont.] : |bHydraulics Division, [National Water Research Institute], |cJanuary 1984.
300 |a1 online resource (i, 27, 17 pages) : |billustrations, graphs.
336 |atext|btxt|2rdacontent
337 |acomputer|bc|2rdamedia
338 |aonline resource|bcr|2rdacarrier
4901 |aTechnical note ; |vreport no. ES84-02
500 |aCover title.
500 |a"Correspondence/study no: 83-389(327)."
500 |a"Reason for report: To partially fulfill requirements of Study 327."
500 |aDigitized edition from print [produced by Environment and Climate Change Canada].
5203 |a"A fibre optic flume profiler was built under contract. A review of the electro-optical performance of the probe was requested due to problems noted in the use of the sensor. The sensor was found to be sensitive to bottom reflectance and ambient light. Circuit calculations were performed which indicated that the adjustment span was less than that required and that the sensor was sensitive to temperature variations but within error tolerances in this respect. This note describes the measurements and calculations performed to characterize the sensor. Conclusions and recommendations were given"--Abstract, page i.
650 0|aElectrooptical devices.
650 0|aOptoelectronic devices.
650 6|aDispositifs électro-optiques.
650 6|aDispositifs optoélectroniques.
7102 |aNational Water Research Institute (Canada). |bHydraulics Division, |eissuing body.
830#0|aTechnical note (National Water Research Institute (Canada). Hydraulics Division)|vno. 84-02.|w(CaOODSP)9.855127
85640|qPDF|s2.29 MB|uhttps://publications.gc.ca/collections/collection_2024/eccc/en13-6/En13-6-84-02-eng.pdf